书目信息 |
| 题名: |
心理统计学
|
|
| 作者: | 邵志芳 著 | |
| 分册: | ||
| 出版信息: | 北京 中国轻工业出版社 2012.09 |
|
| 页数: | 421页 | |
| 开本: | 20cm | |
| 丛书名: | 高等学校心理学专业基础课程教材 | |
| 单 册: | ||
| 中图分类: | B841.2 | |
| 科图分类: | ||
| 主题词: | 心理学研究方法 | |
| 电子资源: | ||
| ISBN: | 978-7-5019-8870-9 | |
| 000 | 00895nam0 2200241 450 | |
| 001 | 2337097165 | |
| 005 | 20230625102036.84 | |
| 010 | @a978-7-5019-8870-9@dCNY56.00 | |
| 100 | @a20230625d2012 km y0chiy0120 ea | |
| 101 | 0 | @achi |
| 102 | @aCN@b110000 | |
| 200 | 1 | @a心理统计学@AXin Li Tong Ji Xue@f邵志芳著@FShao Zhi Fang Zhu |
| 205 | @a2版 | |
| 210 | @a北京@c中国轻工业出版社@d2012.09 | |
| 215 | @a421页@d20cm | |
| 225 | 2 | @a高等学校心理学专业基础课程教材 |
| 330 | @a本书介绍了心理统计学的理论基础、逻辑思路, 以及各种常用的统计方法。 书中对每种技术的适用情况、具体操作和注意事项做了认真说明, 而且将统计思想化繁为简, 时时渗透在其中, 让原本艰深的学习变得得心应手、自然而然。 | |
| 410 | 0 | @12001 @a高等学校心理学专业基础课程教材 |
| 606 | 0 | @a心理学研究方法 |
| 690 | @aB841.2@v4 | |
| 701 | 0 | @a邵志芳@AShao Zhi Fang@4著 |
| 801 | 0 | @aCN@b河南城建学院图书馆@c20230625 |
| 905 | @dB841.2@eS335 | |
| 心理统计学/邵志芳著.-2版.-北京:中国轻工业出版社,2012.09 |
| 421页;20cm.-(高等学校心理学专业基础课程教材) |
| ISBN 978-7-5019-8870-9:CNY56.00 |
| 本书介绍了心理统计学的理论基础、逻辑思路, 以及各种常用的统计方法。 书中对每种技术的适用情况、具体操作和注意事项做了认真说明, 而且将统计思想化繁为简, 时时渗透在其中, 让原本艰深的学习变得得心应手、自然而然。 |
| ● |
| 相关链接 |
|
|
|
正题名:心理统计学
索取号:B841.2/S335
 
预约/预借
| 序号 | 登录号 | 条形码 | 馆藏地/架位号 | 状态 | 备注 |
| 1 | 1506117 | 215061171 | 社科库509/509社科库 35排4列1层/ [索取号:B841.2/S335] | 在馆 |